[Event "Server24Chess 2012"]
[Site "St. Ulrich"]
[Date "2012.06.02"]
[Round "1"]
[White "Sulskis, S."]
[Black "Schaefer, Mi1"]
[Result "1-0"]
[WhiteElo "2586"]
[BlackElo "2179"]
[PlyCount "51"]
[EventDate "2012.06.??"]

1. f4 c5 2. e4 d5 3. Bb5+ Bd7 4. Bxd7+ Qxd7 5. d3 dxe4 6. dxe4 Qxd1+ 7. Kxd1
Nf6 8. e5 Nd5 9. Nf3 Nc6 10. Ke2 f6 11. Rd1 Nc7 12. Be3 e6 13. c4 Be7 14. Nc3
Rd8 15. Ne4 b6 16. Rxd8+ Nxd8 17. Rd1 Nf7 18. Rd3 f5 19. Nd6+ Bxd6 20. exd6 Na8
21. d7+ Ke7 22. Bf2 h6 23. Bh4+ g5 24. fxg5 hxg5 25. Nxg5 Nd6 26. Nf7+ 1-0

[Event "Server24Chess 2012"]
[Site "St. Ulrich"]
[Date "2012.06.02"]
[Round "1"]
[White "Van Foreest, Jorden"]
[Black "Gleizerov, E."]
[Result "1/2-1/2"]
[WhiteElo "2175"]
[BlackElo "2570"]
[PlyCount "107"]
[EventDate "2012.06.??"]

1. c4 e6 2. d4 f5 3. g3 Nf6 4. Bg2 d5 5. Nf3 c6 6. O-O Bd6 7. b3 Qe7 8. Bb2 b6
9. Qc1 Bb7 10. Ba3 Bxa3 11. Nxa3 O-O 12. Nc2 c5 13. cxd5 exd5 14. Ne3 Ne4 15.
Rd1 Qe6 16. dxc5 bxc5 17. b4 d4 18. Nc2 Nd7 19. bxc5 Ndxc5 20. Ncxd4 Qf6 21.
Qc4+ Kh8 22. Qb4 f4 23. Rac1 Qb6 24. Rb1 Qxb4 25. Rxb4 Nc3 26. Rd2 fxg3 27.
hxg3 Bd5 28. Nb5 Nxe2+ 29. Rxe2 Bxf3 30. Bxf3 Rxf3 31. Nxa7 h6 32. Nc6 Nd3 33.
Rb8+ Rxb8 34. Nxb8 Nb4 35. Rb2 Nd5 36. Nc6 Ra3 37. Kg2 Kh7 38. Rd2 Nf6 39. Nd4
h5 40. Nb5 Ra4 41. Nc3 Ra3 42. Nb5 Ra4 43. a3 Ra5 44. Rb2 g5 45. Rb3 Ne4 46.
Rb4 Nc5 47. Kf3 Kg6 48. Ke3 h4 49. gxh4 gxh4 50. Kf3 Kg5 51. Kg2 Nd3 52. Rb3
Nc5 53. Rb4 Nd3 54. Rb3 1/2-1/2

[Event "Server24Chess 2012"]
[Site "St. Ulrich"]
[Date "2012.06.02"]
[Round "1"]
[White "Ernst, S."]
[Black "Zucchelli, M."]
[Result "1-0"]
[WhiteElo "2554"]
[BlackElo "2169"]
[PlyCount "57"]
[EventDate "2012.06.??"]

1. d4 d5 2. c4 e6 3. Nf3 c6 4. Nc3 f5 5. e3 Nf6 6. Ne5 Bd6 7. f4 O-O 8. Be2 Ne4
9. Nxe4 fxe4 10. O-O Nd7 11. Nxd7 Bxd7 12. Bd2 Kh8 13. Qb3 b6 14. Kh1 g5 15. g3
gxf4 16. exf4 b5 17. cxb5 cxb5 18. Bb4 Qe7 19. a3 Rac8 20. Rfc1 Rc4 21. Bxd6
Qxd6 22. Bxc4 dxc4 23. Qb4 Qb8 24. a4 e3 25. axb5 Rxf4 26. Rf1 Rf2 27. Kg1 Bc6
28. Rxf2 exf2+ 29. Kxf2 1-0

[Event "Server24Chess 2012"]
[Site "St. Ulrich"]
[Date "2012.06.02"]
[Round "1"]
[White "Van Heirzeele, D."]
[Black "Antoniewski, R."]
[Result "0-1"]
[WhiteElo "2160"]
[BlackElo "2536"]
[PlyCount "76"]
[EventDate "2012.06.??"]

1. d4 g6 2. c4 Bg7 3. Nf3 d6 4. Nc3 Nc6 5. d5 Ne5 6. Nxe5 Bxe5 7. e4 Nf6 8. Be2
O-O 9. Bh6 Re8 10. Qd2 c5 11. O-O e6 12. dxe6 Bxe6 13. f4 Bd4+ 14. Kh1 Bg4 15.
Rae1 Rxe4 16. Bg5 Bxe2 17. Rxe2 Bxc3 18. bxc3 Rxe2 19. Qxe2 Qe8 20. Qb2 Ne4 21.
Qxb7 Nd2 22. Rd1 Qe4 23. Qd5 Qxd5 24. cxd5 Ne4 25. Kg1 Rb8 26. c4 f5 27. Re1
Kf7 28. g4 Rb4 29. gxf5 gxf5 30. Re3 Rb1+ 31. Kg2 Rb2+ 32. Kg1 Rxa2 33. Rh3 Kg7
34. Rh6 a5 35. Re6 a4 36. Be7 a3 37. Bxd6 Nxd6 38. Rxd6 Rb2 0-1

[Event "Server24Chess 2012"]
[Site "St. Ulrich"]
[Date "2012.06.02"]
[Round "1"]
[White "Arun Prasad, S."]
[Black "Akshat, Chandra"]
[Result "1-0"]
[WhiteElo "2519"]
[BlackElo "2146"]
[PlyCount "65"]
[EventDate "2012.06.??"]

1. c4 Nf6 2. Nc3 d5 3. cxd5 Nxd5 4. g3 g6 5. Bg2 Nxc3 6. bxc3 c5 7. Rb1 Qc7 8.
Qa4+ Nd7 9. Nf3 Bg7 10. d4 O-O $2 11. Bf4 e5 12. dxe5 Nxe5 13. O-O $2 Nxf3+ 14.
Bxf3 Be5 15. Rfd1 a6 16. Bxe5 Qxe5 17. Qa5 Bf5 18. Rxb7 Be4 19. Qc7 Qe6 20.
Bxe4 Qxe4 21. Qd6 Rfc8 22. Rb2 Rd8 23. Qxd8+ Rxd8 24. Rxd8+ Kg7 25. Rd7 Qe6 26.
Rbb7 Qxe2 27. Rxf7+ Kh6 28. Rbe7 Qd1+ 29. Kg2 Qd5+ 30. f3 Qxa2+ 31. Kh3 Qc4 32.
f4 Qf1+ 33. Kh4 1-0

[Event "Server24Chess 2012"]
[Site "St. Ulrich"]
[Date "2012.06.02"]
[Round "1"]
[White "Kveinys, A."]
[Black "Bernardi, R."]
[Result "1-0"]
[WhiteElo "2512"]
[BlackElo "2149"]
[PlyCount "78"]
[EventDate "2012.06.??"]

1. d4 Nf6 2. Nf3 d5 3. c4 c6 4. e3 a6 5. Bd3 b5 6. b3 Bg4 7. Bd2 Nbd7 8. cxd5
cxd5 9. a4 e5 10. dxe5 Nxe5 11. Be2 Bxf3 12. gxf3 b4 13. Bc1 Bd6 14. Bb2 O-O
15. Nd2 Qe7 16. f4 Ng6 17. h4 Rfe8 18. Kf1 Ne4 19. Nxe4 dxe4 20. h5 Nf8 21. h6
Red8 22. Qd4 Ne6 23. Qxe4 Nc5 24. Qg2 g6 25. Bc4 Kf8 26. Bg7+ Ke8 27. Qc6+ Qd7
28. Qd5 Bf8 29. Rd1 Qc7 30. Qf3 Rxd1+ 31. Qxd1 Rd8 32. Qf3 f5 33. Be5 Qd7 34.
Kg2 Be7 35. Bd4 Ne4 36. Bxa6 Rb8 37. Qe2 Nd6 38. Rc1 Bf8 39. Be5 Qe6 1-0

[Event "Server24Chess 2012"]
[Site "St. Ulrich"]
[Date "2012.06.02"]
[Round "1"]
[White "Kottenhoff, Roland"]
[Black "Petkov, V."]
[Result "0-1"]
[WhiteElo "2138"]
[BlackElo "2512"]
[PlyCount "70"]
[EventDate "2012.06.??"]

1. e4 c5 2. Nf3 d6 3. d4 cxd4 4. Nxd4 Nf6 5. Nc3 a6 6. Bg5 e6 7. f4 Nc6 8. Nxc6
bxc6 9. e5 h6 10. Bh4 g5 11. fxg5 Nd5 12. Nxd5 cxd5 13. Qh5 Qb6 14. Be2 Ra7 15.
Bf2 Qxb2 16. O-O Rc7 17. g6 Rxc2 18. gxf7+ Kd7 19. Rae1 dxe5 20. Rb1 Qxa2 21.
Qxe5 Rxe2 22. Qxh8 Rxf2 23. Qg8 Rxf1+ 24. Rxf1 Ke7 25. Qg3 Qa5 26. h3 Qb6+ 27.
Kh1 Qd6 28. Qh4+ Kd7 29. Rc1 d4 30. Rd1 e5 31. Qe4 Ke7 32. Rf1 Be6 33. Qb7+ Bd7
34. Qe4 Bc6 35. Qh4+ Kd7 0-1

[Event "Server24Chess 2012"]
[Site "St. Ulrich"]
[Date "2012.06.02"]
[Round "1"]
[White "Rotstein, A."]
[Black "Bianco, V."]
[Result "1-0"]
[WhiteElo "2512"]
[BlackElo "2132"]
[PlyCount "109"]
[EventDate "2012.06.??"]

1. e4 c5 2. Nf3 d6 3. g3 Nc6 4. Bg2 Bg4 5. h3 Bxf3 6. Bxf3 g6 7. O-O Bg7 8. Bg2
e6 9. c3 Nge7 10. Na3 O-O 11. Nc2 Qd7 12. d4 cxd4 13. cxd4 d5 14. e5 f6 15. f4
fxe5 16. dxe5 g5 17. Nd4 gxf4 18. gxf4 Nxd4 19. Qxd4 Nf5 20. Qd3 Rac8 21. Bd2
Kh8 22. Kh2 Rc7 23. Rac1 Rfc8 24. Bf3 Rxc1 25. Rxc1 Rxc1 26. Bxc1 Qc6 27. Qc3
Bf8 28. Qxc6 bxc6 29. Bh5 Kg7 30. Be8 c5 31. b3 Nd4 32. Kg2 Nc2 33. Kf3 Nb4 34.
a3 Nc2 35. Ba4 Be7 36. Ke2 Nd4+ 37. Kd3 Nf5 38. Bd7 Kf7 39. a4 Nd4 40. b4 Nb3
41. Be3 d4 42. f5 exf5 43. Bf2 cxb4 44. Bxf5 Nc5+ 45. Kc4 Nxa4 46. Bxd4 Nb6+
47. Kb5 h6 48. Ka6 b3 49. Kxa7 Nc4 50. Kb7 Ba3 51. Kc6 b2 52. Kd7 Kf8 53. e6
Nd6 54. e7+ Kf7 55. Bb1 1-0

[Event "Server24Chess 2012"]
[Site "St. Ulrich"]
[Date "2012.06.02"]
[Round "1"]
[White "Moroder, S."]
[Black "Romanishin, O."]
[Result "0-1"]
[WhiteElo "2129"]
[BlackElo "2511"]
[PlyCount "80"]
[EventDate "2012.06.??"]

1. d4 Nf6 2. Nf3 g6 3. c4 d6 4. Nc3 Bg4 5. Nd2 Bg7 6. h3 Bd7 7. e4 O-O 8. Be2
e5 9. d5 a5 10. O-O Na6 11. a3 Nc5 12. b3 Ne8 13. Qc2 f5 14. Rb1 Nf6 15. b4
axb4 16. axb4 Na4 17. Nd1 fxe4 18. Ra1 Kh8 19. Ne3 Qe8 20. Ba3 b5 21. c5 dxc5
22. bxc5 c6 23. d6 Bf5 24. g4 Be6 25. Bb4 Nd5 26. Nxd5 Bxd5 27. Nxe4 Bxe4 28.
Qxe4 Rf4 29. Qb1 e4 30. Ra3 Bd4 31. Qc1 Qe5 32. Bd1 Raf8 33. Re3 Nxc5 34. Be2
Nd7 35. Bc3 c5 36. Bxb5 Qxd6 37. Bxd7 Qxd7 38. Qb1 Bxc3 39. Rxc3 Qd4 40. Rc2 e3
0-1

[Event "Server24Chess 2012"]
[Site "St. Ulrich"]
[Date "2012.06.02"]
[Round "1"]
[White "Gretarsson, Hj"]
[Black "Zier, O."]
[Result "1-0"]
[WhiteElo "2477"]
[BlackElo "2121"]
[PlyCount "93"]
[EventDate "2012.06.??"]

1. c4 e6 2. Nc3 d5 3. d4 Be7 4. Bf4 Nf6 5. e3 O-O 6. a3 Nbd7 7. cxd5 Nxd5 8.
Nxd5 exd5 9. Bd3 c5 10. Ne2 cxd4 11. Nxd4 Nc5 12. Bc2 Ne6 13. Be5 Bf6 14. Bxf6
Qxf6 15. Qd3 g6 16. Rd1 Qg5 17. O-O Nc5 18. Qe2 b6 19. f4 Qe7 20. Qf3 Ba6 21.
Rfe1 Ne4 22. Bb3 Bb7 23. f5 Rad8 24. Qf4 Rfe8 25. Ba4 Rf8 26. Rf1 Kg7 27. f6+
Nxf6 28. Qg5 Bc8 29. Nc6 h6 30. Qf4 Qd6 31. Nxd8 Rxd8 32. Qd4 Bf5 33. Rc1 Qe7
34. Bc2 Bxc2 35. Rxc2 Rd6 36. Rcf2 a5 37. Rf3 Re6 38. b4 axb4 39. axb4 Rc6 40.
b5 Rd6 41. h3 Re6 42. h4 h5 43. Rf4 Qd6 44. Rc1 Qa3 45. Rxf6 Re4 46. Ra1 Qe7
47. Re6+ 1-0

[Event "Server24Chess 2012"]
[Site "St. Ulrich"]
[Date "2012.06.02"]
[Round "1"]
[White "Battistella, S."]
[Black "Baron, Ta"]
[Result "1/2-1/2"]
[WhiteElo "2104"]
[BlackElo "2467"]
[PlyCount "131"]
[EventDate "2012.06.??"]

1. c4 Nf6 2. Nc3 e5 3. g3 d5 4. cxd5 Nxd5 5. Bg2 Nb6 6. Nf3 Nc6 7. O-O Be7 8.
a4 a5 9. d3 O-O 10. Be3 Be6 11. d4 exd4 12. Nxd4 Nxd4 13. Bxd4 c5 14. Be3 Nc4
15. Qc1 Ra6 16. Rd1 Rd6 17. Rxd6 Bxd6 18. Bf4 b6 19. Qc2 Bxf4 20. gxf4 Qf6 21.
e3 Rd8 22. Rd1 Rxd1+ 23. Nxd1 Qg6 24. Qxg6 hxg6 25. Bf1 Kf8 26. Bxc4 Bxc4 27.
Nc3 Ke7 28. e4 Kd6 29. f3 Be6 30. Nb5+ Kc6 31. Kf2 Bb3 32. Nc3 c4 33. Ke3 Kc5
34. h4 Bc2 35. Kd2 Bd3 36. Nd5 Bf1 37. Ne3 Bh3 38. Kc3 Be6 39. Nc2 Bd7 40. Ne3
Bxa4 41. Nxc4 f6 42. e5 Bd7 43. Nd2 Kd5 44. Nc4 Kc5 45. Nd2 fxe5 46. fxe5 b5
47. Nb3+ Kd5 48. Nxa5 Kxe5 49. Nb3 Kf4 50. Nd4 Ke3 51. b4 Be8 52. Ne6 Kxf3 53.
Kd4 Kg4 54. Ke5 Kxh4 55. Kf4 Bf7 56. Ng5 Bd5 57. Nh7 Kh3 58. Nf8 Bf7 59. Nh7
Kg2 60. Ng5 Bb3 61. Ne4 Bc2 62. Nd6 Bd3 63. Kg5 Kf3 64. Nxb5 Bxb5 65. Kxg6 Ke4
66. Kxg7 1/2-1/2

[Event "Server24Chess 2012"]
[Site "St. Ulrich"]
[Date "2012.06.02"]
[Round "1"]
[White "Waldner, M."]
[Black "Bruno, Fabi"]
[Result "0-1"]
[WhiteElo "2068"]
[BlackElo "2447"]
[PlyCount "86"]
[EventDate "2012.06.??"]

1. d4 d5 2. c4 e6 3. Nc3 a6 4. cxd5 exd5 5. Bf4 c6 6. e3 Nf6 7. Bd3 Be7 8. Qc2
O-O 9. Nge2 Be6 10. O-O Nbd7 11. Rab1 Rc8 12. b4 b5 13. a3 Nb6 14. Ra1 Nc4 15.
Rfb1 Qd7 16. Nc1 a5 17. N3e2 Ra8 18. Qc3 Ra6 19. bxa5 Rfa8 20. Nb3 Bxa3 21. Nc5
Bxc5 22. dxc5 Nxa5 23. Nd4 Nc4 24. h3 Ne4 25. Bxe4 dxe4 26. Rxa6 Rxa6 27. Ra1
Ra7 28. Nxe6 Rxa1+ 29. Qxa1 fxe6 30. g4 h6 31. g5 hxg5 32. Bxg5 Qd5 33. Qa8+
Kh7 34. Bh4 Qxc5 35. Qe8 Qd5 36. Qe7 Qf5 37. Qe8 Qg6+ 38. Qxg6+ Kxg6 39. Be7
Kf5 40. Kf1 Ke5 41. Ke2 Kd5 42. h4 g6 43. Kd1 Ne5 0-1

[Event "Server24Chess 2012"]
[Site "St. Ulrich"]
[Date "2012.06.02"]
[Round "1"]
[White "Trefzer, E."]
[Black "Manca, F."]
[Result "0-1"]
[WhiteElo "2052"]
[BlackElo "2424"]
[PlyCount "58"]
[EventDate "2012.06.??"]

1. e4 c6 2. d4 d5 3. e5 c5 4. Nf3 Nc6 5. dxc5 Bg4 6. Be2 e6 7. Bf4 Bxc5 8. O-O
Nge7 9. Nbd2 O-O 10. h3 Bh5 11. Bh2 a6 12. c3 Ba7 13. Nb3 Bxf3 14. Bxf3 Ng6 15.
Re1 Qh4 16. Qd2 f6 17. Bg4 fxe5 18. Bxe6+ Kh8 19. Re2 Nf4 20. Bxf4 exf4 21. Bg4
f3 22. gxf3 h5 23. Bd7 Qg3+ 24. Kh1 Qxf3+ 25. Kh2 Rf6 26. Rae1 Bb8+ 27. Kg1
Rg6+ 28. Bg4 Rxg4+ 29. hxg4 Qxg4+ 0-1

[Event "Server24Chess 2012"]
[Site "St. Ulrich"]
[Date "2012.06.02"]
[Round "1"]
[White "Valsecchi, A."]
[Black "Turrin, O."]
[Result "1/2-1/2"]
[WhiteElo "2413"]
[BlackElo "2036"]
[PlyCount "52"]
[EventDate "2012.06.??"]

1. e4 e5 2. Nf3 Nc6 3. Bc4 Bc5 4. c3 Nf6 5. d3 d6 6. O-O O-O 7. Bb3 Qe7 8. Be3
Bb6 9. Nbd2 Be6 10. Bc2 d5 11. Bg5 h6 12. Bh4 g5 13. Nxg5 hxg5 14. Bxg5 Bg4 15.
Bxf6 Bxd1 16. Bxe7 Bxc2 17. Bxf8 Rxf8 18. exd5 Ne7 19. Rfe1 f6 20. a4 Nxd5 21.
a5 Bc5 22. Ne4 Be7 23. Ng3 Bxd3 24. Rad1 Nf4 25. Nh5 Nxh5 26. Rxd3 Nf4 1/2-1/2

[Event "Server24Chess 2012"]
[Site "St. Ulrich"]
[Date "2012.06.02"]
[Round "1"]
[White "Lehnert, M."]
[Black "Saravanan, V1."]
[Result "0-1"]
[WhiteElo "2026"]
[BlackElo "2401"]
[PlyCount "42"]
[EventDate "2012.06.??"]

1. e4 c5 2. f4 g6 3. Nf3 Bg7 4. d3 d6 5. c3 Nc6 6. Be3 Nf6 7. h3 O-O 8. g4 c4
9. g5 Nh5 10. dxc4 Ng3 11. Rh2 Nxe4 12. Nbd2 Ng3 13. Bd3 e5 14. Ne4 Nh5 15. Qd2
Be6 16. O-O-O Qa5 17. Nxd6 exf4 18. Bd4 Qxa2 19. Bb1 Qa1 20. b3 Nxd4 21. Nxd4
Qa3+ 0-1

[Event "Server24Chess 2012"]
[Site "St. Ulrich"]
[Date "2012.06.02"]
[Round "1"]
[White "Okhotnik, V."]
[Black "Viviani, A."]
[Result "1-0"]
[WhiteElo "2463"]
[BlackElo "2094"]
[PlyCount "67"]
[EventDate "2012.06.??"]

1. d4 Nf6 2. Nf3 g6 3. Nc3 d5 4. Bf4 Bg7 5. e3 O-O 6. Be2 c5 7. Ne5 cxd4 8.
exd4 Nc6 9. h4 Qb6 10. Nxc6 bxc6 11. Na4 Qa5+ 12. c3 Nd7 13. b4 Qd8 14. h5 e5
15. Be3 Qe7 16. hxg6 hxg6 17. Qd2 Re8 18. a3 f5 19. Bg5 Qe6 20. Ra2 exd4 21.
cxd4 Ba6 22. Nc3 Bc4 23. Rb2 c5 24. bxc5 Nxc5 25. dxc5 d4 26. Rb7 Qe5 27. O-O
Bxe2 28. Nxe2 Qxe2 29. Qa5 Qe5 30. f4 Qe3+ 31. Kh2 Rec8 32. Qa6 Qe8 33. Qc4+
Kh8 34. Rf3 1-0

[Event "Server24Chess 2012"]
[Site "St. Ulrich"]
[Date "2012.06.02"]
[Round "1"]
[White "Borgo, G."]
[Black "Giuriato, S."]
[Result "1-0"]
[WhiteElo "2395"]
[BlackElo "1994"]
[PlyCount "67"]
[EventDate "2012.06.??"]

1. e4 e5 2. Nf3 Nc6 3. Bb5 a6 4. Ba4 Nf6 5. O-O Be7 6. Bxc6 dxc6 7. d3 Nd7 8.
Nbd2 O-O 9. Nc4 f6 10. Nh4 Nc5 11. Nf5 Bxf5 12. exf5 a5 13. Be3 Nd7 14. Qg4 Qe8
15. Rae1 Qf7 16. a3 Rfd8 17. Nd2 a4 18. Ne4 b5 19. f4 Bd6 20. fxe5 Nxe5 21. Qh3
Nd7 22. Bf4 Nf8 23. Bxd6 cxd6 24. Qg3 d5 25. Nc5 Ra7 26. d4 Re7 27. Rxe7 Qxe7
28. Re1 Qf7 29. Qe3 g6 30. g4 gxf5 31. gxf5 Nd7 32. Nb7 Kh8 33. Nxd8 Qg8+ 34.
Kh1 1-0

[Event "Server24Chess 2012"]
[Site "St. Ulrich"]
[Date "2012.06.02"]
[Round "1"]
[White "Blaeser, R."]
[Black "Fierro Baquero, M."]
[Result "0-1"]
[WhiteElo "1991"]
[BlackElo "2377"]
[PlyCount "130"]
[EventDate "2012.06.??"]

1. g3 g6 2. Bg2 Bg7 3. c4 Nf6 4. Nc3 O-O 5. Nf3 d6 6. O-O c6 7. d3 e5 8. Bg5 h6
9. Bd2 Re8 10. e4 d5 11. Re1 d4 12. Ne2 a5 13. Rf1 Nbd7 14. Ne1 Nc5 15. b3 Nh5
16. Nc1 Be6 17. f4 exf4 18. gxf4 Qh4 19. Nf3 Qe7 20. Qe1 Qc7 21. Nh4 Bg4 22.
Kh1 b6 23. Qf2 Rad8 24. Rg1 Bc8 25. a3 b5 26. Bf1 a4 27. b4 Nb3 28. Nxb3 axb3
29. c5 Nf6 30. f5 g5 31. Nf3 Qd7 32. Rb1 Qa7 33. Bc1 Qe7 34. Nd2 Nd7 35. Nxb3
Ne5 36. Be2 Nc4 37. Na5 Nxa5 38. bxa5 Be5 39. h4 f6 40. Bd2 Rf8 41. Bh5 Bd7 42.
a4 bxa4 43. Rb7 Rb8 44. Rgb1 Qxc5 45. Bb4 Rxb7 46. Qa2+ Be6 47. fxe6 Rxb4 48.
Rxb4 Qxb4 49. e7+ Qb3 50. Qxb3+ axb3 51. exf8=Q+ Kxf8 52. Bd1 b2 53. Bc2 Ke7
54. hxg5 fxg5 55. Kg2 h5 56. a6 Bb8 57. Bb1 Kf6 58. Ba2 g4 59. Bb1 h4 60. Ba2
Ke5 61. Bb1 Kf4 62. Bc2 h3+ 63. Kf1 g3 64. Kg1 c5 65. Bb1 Ke3 0-1

[Event "Server24Chess 2012"]
[Site "St. Ulrich"]
[Date "2012.06.02"]
[Round "1"]
[White "Bertagnolli, A."]
[Black "Roesch, Mario"]
[Result "1-0"]
[WhiteElo "2370"]
[BlackElo "1980"]
[PlyCount "107"]
[EventDate "2012.06.??"]

1. e4 c6 2. Nf3 d5 3. exd5 cxd5 4. Ne5 Nc6 5. Bb5 Bd7 6. Nxd7 Qxd7 7. d4 e6 8.
c3 Nf6 9. Bf4 Bd6 10. Bxd6 Qxd6 11. Nd2 a6 12. Bd3 O-O 13. O-O e5 14. dxe5 Nxe5
15. Nf3 Nxd3 16. Qxd3 Rad8 17. Rfe1 Rfe8 18. Rad1 Rxe1+ 19. Rxe1 Re8 20. Rxe8+
Nxe8 21. Qe3 Qe6 22. Qc5 f6 23. Kf1 Qe4 24. Nd2 Qe6 25. Qa7 Qd7 26. Qb6 Nd6 27.
Qc5 Qb5+ 28. Qxb5 Nxb5 29. Ke2 Kf7 30. Nb3 b6 31. a4 Nc7 32. Kd3 Ke6 33. Nd4+
Kd7 34. b4 Ne6 35. Ne2 Kd6 36. f4 g6 37. g3 Kc6 38. Ke3 Kd6 39. Kd3 Kc6 40. Ng1
Kd6 41. Nf3 Kc6 42. Ke3 Kd6 43. Kd3 Kc6 44. Nd2 Kd6 45. Nb3 Kc6 46. a5 bxa5 47.
Nxa5+ Kb5 48. Nb3 Kb6 49. Ke3 Kb5 50. Nd4+ Nxd4 51. Kxd4 Kc6 52. g4 Kd6 53. g5
fxg5 54. fxg5 1-0

[Event "Server24Chess 2012"]
[Site "St. Ulrich"]
[Date "2012.06.02"]
[Round "1"]
[White "Simeone, G."]
[Black "Friedrich, N."]
[Result "0-1"]
[WhiteElo "1972"]
[BlackElo "2309"]
[PlyCount "48"]
[EventDate "2012.06.??"]

1. c4 Nf6 2. Nc3 e5 3. Nf3 Nc6 4. e3 Bb4 5. Qc2 Bxc3 6. Qxc3 Qe7 7. Be2 O-O 8.
O-O d5 9. b4 d4 10. Qb3 d3 11. b5 dxe2 12. Re1 Na5 13. Qa4 b6 14. Ba3 Qe6 15.
Bxf8 Bb7 16. Ba3 Bxf3 17. gxf3 e4 18. c5 Nc4 19. fxe4 Qg4+ 20. Kh1 Qf3+ 21. Kg1
Ng4 22. Rxe2 Qxe2 23. Rf1 Qf3 24. Qc2 Qh3 0-1

[Event "Server24Chess 2012"]
[Site "St. Ulrich"]
[Date "2012.06.02"]
[Round "1"]
[White "Dittmar, P."]
[Black "Van Foreest, Lucas"]
[Result "1-0"]
[WhiteElo "2297"]
[BlackElo "1960"]
[PlyCount "77"]
[EventDate "2012.06.??"]

1. d4 Nf6 2. c4 g6 3. Nc3 Bg7 4. e4 d6 5. f3 Nc6 6. Be3 O-O 7. Qd2 e5 8. Nge2
a5 9. h4 a4 10. Rc1 Bd7 11. Nd5 Nxd5 12. cxd5 Nxd4 13. Nxd4 exd4 14. Bxd4 Bxd4
15. Qxd4 f5 16. Bd3 a3 17. b3 b6 18. h5 Qg5 19. O-O Ra7 20. hxg6 hxg6 21. f4
Qh4 22. exf5 gxf5 23. Rf3 Qf6 24. Qf2 Qb2 25. Rc2 Qa1+ 26. Kh2 Rf7 27. Rh3 Qf6
28. Be2 Rh7 29. Rxh7 Kxh7 30. Qe1 Qh6+ 31. Kg1 Qxf4 32. Rc4 Qe3+ 33. Kh1 Bb5
34. Rc3 Qxc3 35. Qxc3 Bxe2 36. Qf6 Bg4 37. Kh2 Ra5 38. b4 Ra4 39. Qe7+ 1-0

[Event "Server24Chess 2012"]
[Site "St. Ulrich"]
[Date "2012.06.02"]
[Round "1"]
[White "Villa, G."]
[Black "Molina, Fa"]
[Result "0-1"]
[WhiteElo "1936"]
[BlackElo "2269"]
[PlyCount "82"]
[EventDate "2012.06.??"]

1. d4 d5 2. Nf3 Nf6 3. c4 c6 4. e3 e6 5. Bd3 Nbd7 6. O-O Bd6 7. Nbd2 O-O 8. e4
dxe4 9. Nxe4 Nxe4 10. Bxe4 Qc7 11. Re1 f5 12. Bc2 Nf6 13. c5 Be7 14. Ng5 h6 15.
Nxe6 Bxe6 16. Rxe6 Rad8 17. Qe2 Nd5 18. Bd2 Bf6 19. Qc4 Qf7 20. Ree1 Kh8 21.
Rad1 Qh5 22. Qd3 Qg4 23. Be3 Bh4 24. Bb3 f4 25. Bc1 f3 26. g3 Bf6 27. Re4 Qh3
28. Qf1 Qh5 29. Bxd5 Rxd5 30. Bf4 Rfd8 31. Bd6 b5 32. Qe1 Qh3 33. Qf1 Qh5 34.
Rd3 Rf5 35. Qd1 Qf7 36. Rf4 Rxf4 37. Bxf4 Qxa2 38. Qxf3 Qxb2 39. Be5 Bxe5 40.
dxe5 Qb1+ 41. Kg2 Qxd3 0-1

[Event "Server24Chess 2012"]
[Site "St. Ulrich"]
[Date "2012.06.02"]
[Round "1"]
[White "Thorsteinsson, T."]
[Black "Rubini, A."]
[Result "1-0"]
[WhiteElo "2248"]
[BlackElo "1926"]
[PlyCount "53"]
[EventDate "2012.06.??"]

1. d4 Nf6 2. c4 c5 3. d5 e6 4. Nc3 exd5 5. cxd5 d6 6. e4 g6 7. f3 Bg7 8. Bg5
O-O 9. Qd2 Re8 10. Nge2 Na6 11. Ng3 Nc7 12. Be2 Bd7 13. a4 a6 14. O-O b5 15.
axb5 axb5 16. Rxa8 Qxa8 17. Qf4 Ncxd5 18. exd5 Nxd5 19. Qxd6 Nxc3 20. bxc3 Qc8
21. Rd1 Bc6 22. Qxc5 Re5 23. Qb6 Qe6 24. Rd8+ Bf8 25. Bh6 Be8 26. Qxe6 Rxe6 27.
Bxf8 1-0

[Event "Server24Chess 2012"]
[Site "St. Ulrich"]
[Date "2012.06.03"]
[Round "2"]
[White "Bruno, Fabi"]
[Black "Baklan, V."]
[Result "0-1"]
[WhiteElo "2447"]
[BlackElo "2612"]
[PlyCount "122"]
[EventDate "2012.06.??"]

1. Nf3 g6 2. c4 Bg7 3. Nc3 c5 4. g3 Nc6 5. Bg2 d6 6. O-O Bd7 7. Re1 a6 8. a3
Rb8 9. Rb1 Nh6 10. b4 Nf5 11. bxc5 dxc5 12. Na4 b6 13. Bb2 e5 14. d3 O-O 15. e3
Re8 16. Qc2 Nd6 17. Nd2 Qc7 18. Ne4 Nxe4 19. Bxe4 Ne7 20. Ba1 Red8 21. Rec1 Be6
22. Bg2 Qd6 23. Bf1 Bf5 24. Nc3 Bxd3 25. Bxd3 Qxd3 26. Nd5 Qxc2 27. Nxe7+ Kf8
28. Rxc2 Kxe7 29. Kf1 Kd7 30. Ke2 Kc6 31. a4 Rb7 32. Bc3 f5 33. Rcb2 Rdd7 34.
Rb3 e4 35. Bd2 Be5 36. h4 h5 37. Bc1 Rb8 38. Bd2 Bc7 39. Bc1 Be5 40. Bd2 Rdb7
41. Bc3 Bc7 42. Rc1 Rd8 43. Bd2 b5 44. cxb5+ axb5 45. Bb4 Rd5 46. Rbc3 Bd6 47.
axb5+ Kxb5 48. Ba3 Ra7 49. Rb3+ Kc6 50. Bb2 Ra2 51. Ke1 Rd3 52. Rb4 Ra5 53.
Rbc4 Kd5 54. Bf6 Ra2 55. R4c2 Rxc2 56. Rxc2 c4 57. Rb2 c3 58. Rb3 Kc4 59. Rb6
c2 60. Rc6+ Kb3 61. Ke2 Ba3 0-1

[Event "Server24Chess 2012"]
[Site "St. Ulrich"]
[Date "2012.06.03"]
[Round "2"]
[White "Manca, F."]
[Black "Sulskis, S."]
[Result "1-0"]
[WhiteElo "2424"]
[BlackElo "2586"]
[PlyCount "31"]
[EventDate "2012.06.??"]

1. e4 Nf6 2. e5 Nd5 3. d4 d6 4. Nf3 dxe5 5. Nxe5 Nd7 6. Nxf7 Kxf7 7. Qh5+ Ke6
8. c4 N5f6 9. d5+ Kd6 10. Qf7 Ne5 11. Bf4 c5 12. Nc3 a6 13. b4 Qb6 14. Rc1 g5
15. Bg3 Bf5 16. Bd3 1-0

[Event "Server24Chess 2012"]
[Site "St. Ulrich"]
[Date "2012.06.03"]
[Round "2"]
[White "Fierro Baquero, M."]
[Black "Arun Prasad, S."]
[Result "0-1"]
[WhiteElo "2377"]
[BlackElo "2519"]
[PlyCount "118"]
[EventDate "2012.06.??"]

1. c4 g6 2. g3 Bg7 3. Bg2 e5 4. Nc3 d6 5. d3 f5 6. e4 Nf6 7. Nge2 O-O 8. O-O c6
9. Rb1 Be6 10. b3 a5 11. d4 Nxe4 12. Nxe4 fxe4 13. dxe5 Bxe5 14. Bxe4 Bg4 15.
Qc2 Na6 16. Bh6 Nb4 17. Qd2 Re8 18. Rbe1 d5 19. cxd5 Nxd5 20. Bg2 Nb4 21. Nc1
Qxd2 22. Bxd2 Bb2 23. h3 Bf5 24. g4 Bb1 25. a4 Bc2 26. Rxe8+ Rxe8 27. Be3 Nd5
28. Bd2 Nc3 29. Bf3 Rd8 30. Be3 Rf8 31. Kg2 Nd5 32. Bd2 Nf4+ 33. Bxf4 Rxf4 34.
Be2 Bxc1 35. Bc4+ Rxc4 36. bxc4 Bf4 37. Kf3 g5 38. c5 Kf7 39. Ra1 Be5 40. Ra2
Bb3 41. Ra3 Bd5+ 42. Ke3 Ke6 43. Rd3 Bb2 44. Rd1 Ke5 45. Kd3 Be4+ 46. Kc4 Bd5+
47. Kd3 Kf4 48. Re1 Be5 49. Re3 h6 50. Re1 Bg2 51. Re3 Bf1+ 52. Kc2 Bc4 53. Re1
Bd4 54. Re7 Bxc5 55. Rxb7 Bd5 56. Kd2 Bb4+ 57. Kc2 c5 58. Rd7 Ke5 59. Kd3 c4+
0-1

[Event "Server24Chess 2012"]
[Site "St. Ulrich"]
[Date "2012.06.03"]
[Round "2"]
[White "Bertagnolli, A."]
[Black "Kveinys, A."]
[Result "0-1"]
[WhiteElo "2370"]
[BlackElo "2512"]
[PlyCount "154"]
[EventDate "2012.06.??"]

1. e4 c5 2. Nf3 e6 3. c3 Nf6 4. e5 Nd5 5. d4 cxd4 6. cxd4 d6 7. Bc4 Nc6 8. Qe2
dxe5 9. dxe5 Na5 10. Bxd5 Qxd5 11. Nc3 Bb4 12. O-O Qc4 13. Qe3 b6 14. Rd1 Ba6
15. Qg5 O-O 16. Be3 Bxc3 17. bxc3 Nc6 18. Nd4 Rad8 19. Nxc6 Rxd1+ 20. Rxd1 Qxc6
21. Qe7 Bb7 22. f3 Qxc3 23. Kf2 Bd5 24. Qxa7 Qxe5 25. h3 b5 26. Rd2 h6 27. Qc5
Rb8 28. Qb4 Rb7 29. a3 Qc7 30. Qc5 Qxc5 31. Bxc5 Rc7 32. Rc2 f6 33. Rc3 Kf7 34.
Bb4 Bc4 35. Rc2 g5 36. Ba5 Ra7 37. Bb4 h5 38. g3 Rc7 39. Ba5 Rc8 40. Bd2 Kg6
41. Be3 Ra8 42. Bc1 e5 43. Rd2 Be6 44. g4 Rc8 45. Bb2 Kf7 46. Ke3 Rh8 47. Rc2
Bd5 48. Rf2 Ke6 49. Rh2 Bc4 50. Bc3 Bd5 51. Ba5 Ba8 52. Bb4 Bb7 53. Ba5 e4 54.
h4 hxg4 55. fxg4 gxh4 56. Rh3 Ra8 57. Bb4 Rd8 58. Rxh4 Rd3+ 59. Ke2 Bd5 60. Rh8
Rg3 61. Re8+ Kf7 62. Rf8+ Kg6 63. Be7 Bc4+ 64. Kf2 Rf3+ 65. Kg2 Bf1+ 66. Kg1
Bh3 67. g5 Kxg5 68. Kh2 Be6 69. Kg2 Kg6 70. Rb8 Bh3+ 71. Kh2 Bf1 72. Rb6 e3 73.
Bb4 Bc4 74. Rb8 f5 75. Kg2 Rf2+ 76. Kg3 f4+ 77. Kh4 Be6 0-1